000 01116nam a22003377a 4500
001 BR2015004708
003 BR-BrBNA
005 20230928104717.0
007 ta
008 230509b bl.||||| |||| 00| 0 por d
040 _aBR-BrBNA
_bpor
_cBiblioteca Nacional de Agricultura
041 _a(Por)
072 _aP06; L51
090 _ P06 BR2015004708
100 1 _aLana, R. de P. (ed.)
100 1 _aGuimarães, G. (ed.)
100 1 _aLima, G. de S. (ed.)
100 1 _aVeloso, C.M. (ed.)
100 1 _aPatino, H.O. (ed.)
111 1 _a3. Simpósio Brasileiro de Agropecuária Sustentável
_cViçosa, MG (Brazil)
_d22-24 Sep 2011
245 1 _aAnais de palestras do 3. simpósio brasileiro de agropecuária sustentável: o uso de tecnologias limpas e agroenergia
260 3 _aViçosa, MG (Brasil):
_c2011.
300 _a234 p.
500 _aIncludes several bibliographies; Summaries (Eng, Por); 19 illus.; 41 tables
650 _aDESENVOLVIMENTO SUSTENTÁVEL
650 _aAGROENERGIA
650 _aTECNOLOGIA
650 _aPECUÁRIA
909 _a202309
_bLucia
_c55
_dLucia Elande
942 _cBK
999 _c81329
_d81329